000 00631nam a2200241Ia 4500
003 OSt
005 20220918231243.0
006 a|||||r|||| 00| 0
007 ta
008 220917b |||||||| |||| 00| 0 eng d
024 _a271,704
037 _cTextual
040 _aARTS
_cARTS
_beng
041 _2eng
_aeng
082 _aO111,1M91x, 153K8
100 _aftNw?B, tkbNl f
_9154065
245 0 _axkj dhnK gzshnK
260 _c1968
650 _anzrq/ih ;kfjs
700 _azx, r[ouoB, Tr.
_9154066
942 _hO111,1M91x, 153K8
_cTEXL
_2CC
999 _c290345
_d290345